00423nam a2200181Ia 4500003000400000005001700004006001800021007000300039008004100042037001700083040001800100041001300118082001900131245003600150260000900186942002700195999001900222OSt20220926044836.0a|||||r|||| 00| 0ta220923b |||||||| |||| 00| 0 eng d cGeneral Book aRTLcRTLbeng 2engaeng aX9.2sN63, K6.3 0aAnnual survey of industies 1963 c1963 hX9.2sN63, K6.3cGB2CC c675933d675933